Burzu otvorí cisár František

Bibliographic Details
Main Author: (sam) (Author)
Format: Article
Language:Slovak
ISSN:1335-4566
Subjects:

MARC

LEADER 00000nab a2200000 a 4500
001 vtls000933680
003 SK-MaSNL
005 20260303034813.0
008 040720e20040811xo 0 slo
035 |a KE42557 
040 |a KEVKJB  |b slo  |c KEVKJB  |e AACR2 
041 0 |a slo 
044 |a xo  |c SK 
080 |a 379.824  |2 1981 
100 0 |a (sam)  |4 aut  |9 872790 
245 1 0 |a Burzu otvorí cisár František 
590 |a Kolivoško, Štefan 1947-,  |b knihovník, autor, zberateľ, riaditeľ, zástupca riaditeľa, 3.5.1947-, 
600 1 7 |a Kolivoško, Štefan,  |d 1947-,  |2 KEVKJB  |9 105933 
650 0 7 |a zberateľstvo  |2 KEVKJB  |9 2899 
650 0 7 |a burzy medzinárodné  |2 KEVKJB  |9 969195 
651 7 |a Košice (Slovensko)  |2 KEVKJB  |9 18694 
651 7 |a KE,  |2 KEVKJB  |9 877256 
655 7 |a periodikum  |2 snkbucl  |9 29553 
773 0 8 |t Košický denník Korzár  |g Roč. 7, č.185, 11.8.2004, s. 3  |x 1335-4566 
852 |a ZVYKNI  |b KIS3GCP 
999 |c 1674875  |d 1676805